| 000 | 00736nam a2200181Ia 4500 | ||
|---|---|---|---|
| 008 | 151202s9999||||xx |||||||||||||| ||und|| | ||
| 082 | _bPNVM-72919 | ||
| 100 | _aगुप्ता राहिला / अनु. काणे सुनीति. | ||
| 245 | _aएनस्लेव्हड. | ||
| 260 | _b"मेहता पब्लिशिंग हाऊस, पुणे." | ||
| 260 | _c72919 | ||
| 300 | _a300 | ||
| 600 | _aगुप्ता राहिला / अनु. काणे सुनीति. | ||
| 630 | _aएनस्लेव्हड. | ||
| 700 | _aगुप्ता राहिला / अनु. काणे सुनीति. | ||
| 730 | _aएनस्लेव्हड. | ||
| 942 | _cBOOK | ||
| 999 |
_c1339584 _d1339581 |
||